000 00673nam a22002057a 4500
005 20251108172508.0
008 250721s1999 xx 000 0 ara d
082 1 4 _a216.796/قزا
100 1 _aقزامل، سيف رجب
245 1 0 _aالعاقلة في الفقه الإسلامي : دراسة مقارنة /
264 1 _aالقاهرة :
_bمكتبة الإشعاع الفنية،
_c1999.
300 _a230ص
490 0 _aسلسلة كتب الفقه المقارن
650 1 7 _aالفقه الإسلامي
650 1 7 _aالدية
650 1 7 _aالحدود(شريعة إسلامية)
650 1 7 _aالإسلام
942 _2ddc
_cBK
999 _c80794
_d80794